000 00305nam a22001337a 4500
999 _c54971
_d54971
008 200203b ||||| |||| 00| 0 eng d
041 _aeng
080 _a043.3
082 _a043.3
100 _a0
101 _aBTH
245 _aTransformatorët e Tensionit të Lartë
_cZejnullahu,Sh
942 _2udc
_cBK